000 00451nam a2200145 i 4500
001 57257
003 ES-MaACL
005 20230906163537.0
007 t|
008 031015s1912 sp ||||1| spa d
245 0 0 _aDocumentos relativos a los antecedentes de la independencia de la República Argentina.
260 _aBuenos Aires :
_bCompañía Sudamericana de Billetes de Banco,
_c1912.
300 _a2 v. ;
_c27 cm.
852 _aES-MaACL
_jF-10169-70
999 _c57257
_d57257